Państwa przechodzące przez równik - Statystyki

Ogólne statystyki
  • Ten quiz został rozwiązany 39 razy
  • Średni wynik to 9 z 11
Statystyki odpowiedzi
Hint Odpowiedź % Poprawnych
Ameryka Południowa Brazylia
97%
Afryka Demokratyczna Republika Konga
94%
Ameryka Południowa Ekwador
94%
Ameryka Południowa Kolumbia
94%
Afryka Kongo
90%
Azja Indonezja
87%
Afryka Kenia
84%
Afryka Uganda
81%
Afryka Somalia
68%
Afryka Gabon
65%
Afryka Wyspy Świętego Tomasza i Książęca
48%
Nie znaleziono quizów pasujących do podanych kryteriów
Rozkład punktacji
Procent ludzi z każdym wynikiem
Percentyl według liczby udzielonych odpowiedzi
Twoja historia wyników
Nie rozwiązałeś tego quizu